000 00590nam a22002177a 4500
003 UA-OsUOA
001 116864
007 ta
008 20160413b un ||||| |||| 00| 0 ukr d
090 _a726.5
_bН72
942 _cBK
040 _aUA-OsUOA
_beng
_cUA-OsUOA
_dUA-OsUOA
245 _aНовгород
_bпамятники архитектуры XI - XVII веков
_cМ. К. Каргер
300 _a160 с.
955 _a1
041 _aeng
080 _a726.5
260 _aЛенинград
_bАврора
_c1975
650 7 _a72 Архітектура
_2UDC
999 _c402770
_d402770